000
00285nam a2200121Ia 4500
005
20260328104338.0
008
260328s9999||||xx |||||||||||||| ||und||
100
_a
Bill, Max
245
0
_a
Mies Van der Rohe /
_c
Max Bill
260
_b
Gustavo Gili
650
_a
ARQUITECTOS
942
_c
BK
999
_c
11997
_d
11997